| 000 | 00888cab a2200289 4500 | ||
|---|---|---|---|
| 001 | ABS52629 | ||
| 008 | 090401t1995 xxu||||| |||| 00| 0 eng d | ||
| 035 | _a(Sirsi) u87320 | ||
| 041 | _aeng | ||
| 245 | _aAlternative land use | ||
| 260 | _c1995 | ||
| 350 | _a0 | ||
| 490 |
_aFarm Development Review _v9(5) March 1995, 1-8 (LOAN) |
||
| 520 | _aInformation on exporting dairy products, farm attractions and health risks, the provision of orienteering courses, the National Forest tender scheme and renewable energy projects. | ||
| 650 | _aDAIRY PRODUCTS | ||
| 650 | _aEXPORTS | ||
| 650 | _aFARM ATTRACTIONS | ||
| 650 | _aFARM DIVERSIFICATION | ||
| 650 | _aHISTORIC HOUSES | ||
| 650 | _aNATIONAL FOREST | ||
| 650 | _aORIENTEERING | ||
| 650 | _aRENEWABLE ENERGY | ||
| 650 | _aRETAIL FARM ASSOCIATION | ||
| 690 | _aRURAL PRACTICE | ||
| 942 | _n0 | ||
| 948 | _c04/03/1997 | ||
| 999 |
_c55075 _d55075 |
||